| 000 | 004770000a22001810004500 | ||
|---|---|---|---|
| 001 | 003564 | ||
| 003 | MACL | ||
| 005 | 20150730142156.0 | ||
| 008 | 150730b xxu||||| |||| 00| 0 eng d | ||
| 040 |
_aMACL _cMACL |
||
| 082 | _aEnglish | ||
| 100 |
_aNoorani A.G., _9748 |
||
| 245 |
_aConstitutional Questions& Citizen's Rights _cNoorani A.G. |
||
| 260 |
_aNew Delhi _c2006 _bOxford University Press, |
||
| 350 | _a595 | ||
| 650 |
_aPolitical Science _988 |
||
| 942 |
_k323 _cBK _2ddc |
||
| 999 |
_c15464 _d15464 |
||